• 首页
  • 本馆介绍
  • 公告通知
  • 最新文献
  • 馆藏检索
  • 电子资源
  • 读者导购
  • 参考咨询
  • 我的图书馆
  • 登录
  • 详细信息显示
  • 放入我的书架
  • 预约/预借图书
  • 作者相关作品
  • 分类相关作品
  • 丛书相关作品
  • 出版社相关作品

书目信息

  • 表格格式
  • 工作单格式
  • 卡片格式
题名:
人体组织解剖学
    
 
作者: ;北京师范大学 编
分册:  
出版信息: 北京   高等教育出版社  1989.5
页数: 337页
开本: 26cm
丛书名:
单 册:
中图分类: R329.4
科图分类:
主题词: 人体解剖学--实验--高等学校--教材
电子资源:
ISBN: 7-04-002068-8
000 00800nam0 2200241 450
001 1558240648
005 20150128161121.17
010    @a7-04-002068-8@dCNY4.80
100    @a20130329d1989 c y0chiy0110 ea
101 0  @achi
102    @aCN@b110000
105    @ay j 000yy
200 1  @a人体组织解剖学@9ren ti zu zhi jie pou xue@f北京师范大学等编
205    @a2版(修订本)
210    @a北京@c高等教育出版社@d1989.5
215    @a337页@d26cm
300    @a高等学校教材
330    @a本书内容包括基本组织、以及运动、循环、免疫、呼吸、消化、泌尿、生殖、内分泌、神经和感觉等各器、系统的大体解剖构造及器官组织。
606 0  @a人体解剖学@x实验@x高等学校@x教材
690    @aR329.4@v1980
711 02 @a北京师范大学@9bei jing shi fan da xue@4编
801  0 @aCN@bTSSF@c20150128
905    @aZUCC@dR329.4@eJY1
    
    人体组织解剖学/北京师范大学等编.-2版(修订本).-北京:高等教育出版社,1989.5
    337页;26cm
    高等学校教材
    
    ISBN 7-04-002068-8:CNY4.80
    本书内容包括基本组织、以及运动、循环、免疫、呼吸、消化、泌尿、生殖、内分泌、神经和感觉等各器、系统的大体解剖构造及器官组织。
●
相关链接 在E读中查询图书 在五车中查询图书 在当当中查询图书 在豆瓣中查询图书


正题名:人体组织解剖学     索取号:R329.4/JY1         预约/预借

序号 登录号 条形码 馆藏地/架位号 状态 备注
1 7844506   278445069   学院路分馆/ [索取号:R329.4/JY1] 在馆    
唐山师范学院图书馆 欢迎您!
大连网信软件有限公司© 版权所有